Rights of way and access to the countryside (Record no. 96107)
[ view plain ]
| 000 -LEADER | |
|---|---|
| fixed length control field | 00506cam a2200217 4500 |
| 001 - CONTROL NUMBER | |
| control field | D3999 |
| 008 - FIXED-LENGTH DATA ELEMENTS--GENERAL INFORMATION | |
| fixed length control field | 090401t1974 xxu||||| |||| 00| 0 eng d |
| 035 ## - SYSTEM CONTROL NUMBER | |
| System control number | (Sirsi) u76014 |
| 041 ## - LANGUAGE CODE | |
| Language code of text/sound track or separate title | eng |
| 050 ## - LIBRARY OF CONGRESS CALL NUMBER | |
| Classification number | 346.410435 |
| 100 ## - MAIN ENTRY--PERSONAL NAME | |
| Personal name | Garner, J.F. |
| 245 ## - TITLE STATEMENT | |
| Title | Rights of way and access to the countryside |
| 250 ## - EDITION STATEMENT | |
| Edition statement | 3rd |
| 260 ## - PUBLICATION, DISTRIBUTION, ETC. | |
| Place of publication, distribution, etc. | London |
| Name of publisher, distributor, etc. | Oyez |
| Date of publication, distribution, etc. | 1974 |
| 300 ## - PHYSICAL DESCRIPTION | |
| Extent | 133p. 21cm |
| 350 ## - PRICE (NR) (BK AM CF MU VM SE) [OBSOLETE] | |
| Price | 2.5 |
| 490 ## - SERIES STATEMENT | |
| Series statement | Oyez Practice Notes |
| Volume/sequential designation | 55 |
| 520 ## - SUMMARY, ETC. | |
| Summary, etc. | Shelf 305 |
| 942 ## - ADDED ENTRY ELEMENTS (KOHA) | |
| Suppress in OPAC | 0 |
| 948 ## - LOCAL PROCESSING INFORMATION (OCLC); SERIES PART DESIGNATOR (RLIN) | |
| c (OCLC) | 04/03/1997 |
| Withdrawn status | Lost status | Source of classification or shelving scheme | Damaged status | Not for loan | Home library | Current library | Shelving location | Date acquired | Cost, normal purchase price | Total Checkouts | Full call number | Barcode | Date last seen | Copy number | Cost, replacement price | Price effective from | Koha item type |
|---|---|---|---|---|---|---|---|---|---|---|---|---|---|---|---|---|---|
| Dewey Decimal Classification | London | London | Basement | 14/09/1999 | 2.50 | SHELF 305 | 30008747 | 06/08/2019 | 1 | 2.50 | 06/08/2019 | Book | |||||
| Dewey Decimal Classification | London | London | Basement | 14/08/1991 | 2.50 | SHELF 305 | 30008880 | 06/08/2019 | 2 | 2.50 | 06/08/2019 | Book |